| 000 | 00648nam a22001817a 4500 | ||
|---|---|---|---|
| 999 |
_c176416 _d176416 |
||
| 005 | 20201222122638.0 | ||
| 010 | _aENG-128702 | ||
| 020 |
_a978-0-19-948864-3 _c495.00 |
||
| 035 | _aEN-112234 | ||
| 037 | _bDBAD/PUB | ||
| 082 | _a342.540853 | ||
| 100 | _aBhatia, Gautam | ||
| 245 |
_aOffend, Shock, or Disturb: Free speech under the Indian constitution/ _bGautam Bhatia |
||
| 260 |
_aNew Delhi _bOxford University Press _c2018 |
||
| 270 |
_bNew Delhi _e110002 _a2/11, Ground Floor, Ansari Road, Daryaganj |
||
| 300 |
_axli+347p. _c22cm(pbk) _bIncluding bibliographical references and index. |
||
| 942 |
_2ddc _cEN _h342.540853 _mBHA |
||